[Event "Erlangen op 18th"]
[Site "Erlangen"]
[Date "2003.??.??"]
[Round "5"]
[White "Barth, Emanuel"]
[Black "Zoellner, Fabian"]
[Result "0-1"]
[WhiteElo "983"]
[BlackElo "1090"]
[PlyCount "50"]
[EventDate "2003.11.??"]
[EventType "swiss"]
[EventRounds "5"]
[EventCountry "GER"]
[SourceTitle "EXT 2005"]
[Source "ChessBase"]
[SourceDate "2004.11.15"]
[SourceVersion "1"]
[SourceVersionDate "2004.11.15"]
[SourceQuality "1"]

1. e4 e5 2. Nf3 Nc6 3. d4 exd4 4. Bc4 Be7 5. c3 dxc3 6. Nxc3 Nf6 7. e5 Ng4 8. Ng5 Ngxe5 9. Nxf7 Nxf7 10. Qg4 0-0 11. Bh6 Bf6 12. 0-0 Nce5 13. Qe4 Nxc4 14. Qxc4 Bxc3 15. Qxc3 Nxh6 16. Rae1 Re8 17. Rxe8+ Qxe8 18. Re1 Qh5 19. Re3 b6 20. Qc4+ Kh8 21. g4 Nxg4 22. Qxc7 Ba6 23. Rf3 Nxh2 24. Qxa7 Nxf3+ 25. Kg2 Qg4+ 0-1

[Event "Erlangen op 18th"]
[Site "Erlangen"]
[Date "2003.??.??"]
[Round "1"]
[White "Weber, Max1111"]
[Black "Zoellner, Fabian"]
[Result "1-0"]
[WhiteElo "1795"]
[BlackElo "1090"]
[PlyCount "61"]
[EventDate "2003.11.??"]
[EventType "swiss"]
[EventRounds "5"]
[EventCountry "GER"]
[SourceTitle "EXT 2005"]
[Source "ChessBase"]
[SourceDate "2004.11.15"]
[SourceVersion "1"]
[SourceVersionDate "2004.11.15"]
[SourceQuality "1"]

1. c4 e5 2. Nc3 Nc6 3. Nf3 Nf6 4. d4 d6 5. dxe5 dxe5 6. Qxd8+ Kxd8 7. Bg5 Be7 8. 0-0-0+ Bd7 9. h3 e4 10. Bxf6 Bxf6 11. Nxe4 Na5 12. Nc5 Be7 13. Nxd7 Nxc4 14. Nb6+ Nd6 15. Nxa8 Kd7 16. e4 Bf6 17. e5 Bxe5 18. Nxe5+ Ke6 19. Nc4 Rxa8 20. Nxd6 cxd6 21. Bc4+ Ke7 22. Rhe1+ Kd7 23. Bb5+ Kc7 24. Re7+ Kb6 25. a4 Kc5 26. Rd7 a6 27. Bf1 Kb4 28. Rxb7+ Kxa4 29. Rd3 Rc8+ 30. Kb1 Rd8 31. Ra3# 1-0